00622nam a2200205Ia 450000500170000000800410001702000210005804000190007904100120009808200160011010000210012624500960014726000450024330000130028850400500030163000100035165000340036165100110039585000100040620220920101259.0131103s9999 xx 000 0 und d a19568512cRs 595 aLoreto College aEnglish a954.02bAQU aAquil, Raziuddin aSufism, culture, and politicsb Afghans and Islam in medieval North India cRaziuddin Aquil aNew DelhibOxford University Pressc2007 axi,268p  aIncludes bibliographical references and index aIslam aIndia-History-Medieval period aSufism aLCLIB